Advice note on maintenance published (Record no. 72406)
[ view plain ]
| 000 -LEADER | |
|---|---|
| fixed length control field | 01203cam a2200193 4500 |
| 001 - CONTROL NUMBER | |
| control field | WB3913-02 |
| 008 - FIXED-LENGTH DATA ELEMENTS--GENERAL INFORMATION | |
| fixed length control field | 030401n2003 000 0 eng u |
| 035 ## - SYSTEM CONTROL NUMBER | |
| System control number | (Sirsi) u121848 |
| 245 ## - TITLE STATEMENT | |
| Title | Advice note on maintenance published |
| 260 ## - PUBLICATION, DISTRIBUTION, ETC. | |
| Date of publication, distribution, etc. | 2003 |
| 490 ## - SERIES STATEMENT | |
| Series statement | RICS Building Surveying Faculty: The Journal |
| Volume/sequential designation | (6) March/April 2003, 5(1) |
| 520 ## - SUMMARY, ETC. | |
| Summary, etc. | The Institute of Historic Building Conservation (IHBC) has published, in association with the Society for the Protection of Ancient Buildings (SPAB), an advice note on maintenance, "A stitch in time"* aimed at historic building owners. Until recently maintenance has been sidelined by owners in favour of restoration and regeneration but now there is more support from government for maintenance. Copies priced £3 (inc p&p) are available from IHBC, Jubilee House, High Street, Tisbury, Wiltshire SP13 6HA, http://www.ihbc.org.uk, from SPAB, 37 Spital Square, London E1 6DY, http://www.spab.org.uk or through RICS Books on +44 (0)20 7222 7000. |
| 590 ## - LOCAL NOTE (RLIN) | |
| Local note | WB |
| 650 ## - SUBJECT ADDED ENTRY--TOPICAL TERM | |
| Topical term or geographic name entry element | BUILT ENVIRONMENT-BUILDING MAINTENANCE AND REFURBISHMENT |
| 650 ## - SUBJECT ADDED ENTRY--TOPICAL TERM | |
| Topical term or geographic name entry element | HISTORIC BUILDINGS |
| 650 ## - SUBJECT ADDED ENTRY--TOPICAL TERM | |
| Topical term or geographic name entry element | TRADITIONAL BUILDINGS |
| 690 ## - LOCAL SUBJECT ADDED ENTRY--TOPICAL TERM (OCLC, RLIN) | |
| Topical term or geographic name as entry element | BUILT ENVIRONMENT |
| 942 ## - ADDED ENTRY ELEMENTS (KOHA) | |
| Suppress in OPAC | 0 |
| Withdrawn status | Lost status | Source of classification or shelving scheme | Damaged status | Not for loan | Home library | Current library | Shelving location | Date acquired | Total Checkouts | Full call number | Barcode | Date last seen | Copy number | Price effective from | Koha item type |
|---|---|---|---|---|---|---|---|---|---|---|---|---|---|---|---|
| Dewey Decimal Classification | London | London | News article | 01/04/2003 | WB3913-02 | 121848-1001 | 06/08/2019 | 1 | 06/08/2019 | News article |